Můj I.Q. /

Hlavní autor: Pekárková, Iva, 1963-
Další autoři: Hosnedlová, Kateřina, 1975-
Jazyk: Čeština
Vydáno: Praha : Maťa, 2002
Vydání: Vyd. 2.
Edice: Česká radost
Témata:
Externí odkaz: Digitalizovaný dokument
Fyzický popis: 120 s. : il. ; 21 cm
Knihy
Uloženo v:
LEADER 01141nam a2200325 a 4500
001 000677749
003 CZ BrMZK
005 20131213162135.0
007 ta
008 030715s2002 xr a g 000 f cze d
015 |a cnb001191217 
020 |a 80-7287-041-6  |q (váz.) 
035 |a (OCoLC)53488444 
040 |a BOA001  |b cze 
072 7 |a 821.162.3-3  |x Česká próza  |2 Konspekt  |9 25 
080 |a 821.162.3-3  |2 MRF 
080 |a (0:82-31)  |2 MRF 
100 1 |a Pekárková, Iva,  |d 1963-  |7 jn19990218083  |4 aut 
245 1 0 |a Můj I.Q. /  |c Iva Pekárková ; [ilustrace Kateřina Koutská] 
250 |a Vyd. 2. 
260 |a Praha :  |b Maťa,  |c 2002 
300 |a 120 s. :  |b il. ;  |c 21 cm 
490 1 |a Česká radost ;  |v sv. 7 
655 7 |a české romány  |7 fd133974  |2 czenas 
700 1 |a Hosnedlová, Kateřina,  |d 1975-  |7 xx0010450  |4 ill 
830 0 |a Česká radost  |0 s 
856 4 1 |u http://www.digitalniknihovna.cz/mzk/uuid/uuid:57255d20-3d97-11e4-8fc5-005056827e52  |y Digitalizovaný dokument  |x NDK 
910 |a BOA001  |b 2-1122.020 
990 |a BK 
996 6 |b 2610195800  |c 2-1122.020  |l MZK  |r Sklad / do 1 hodiny  |n 1  |p p.v.  |w 000677749  |u 000010  |a 1  |e BOA001  |j MZK50  |s P